[Event "Mechanics' Peter Grey TNM; 30/90, SD/30"]
[Site "San Francisco"]
[Date "2010.09.21"]
[Round "8.9"]
[White "Shakhnazarov, Oleg"]
[Black "Chernobilskiy, Mikhail"]
[Result "0-1"]
[WhiteElo "2175"]
[BlackElo "1845"]
[PlyCount "102"]
[EventDate "2010.??.??"]

1. e4 e5 2. Nf3 Nc6 3. Bb5 a6 4. Ba4 Nf6 5. O-O Nxe4 6. d4 b5 7. Bb3 d5 8. dxe5
Be6 9. Nc3 Nxc3 10. bxc3 Na5 11. Nd4 c5 12. Nxe6 fxe6 13. a3 c4 14. Ba2 Bc5 15.
Qh5+ Kd7 16. a4 g6 17. Qh3 h5 18. Be3 Qe7 19. Bxc5 Qxc5 20. axb5 axb5 21. Qg3
Rag8 22. h4 g5 23. hxg5 h4 24. Qg4 Nc6 25. Rae1 Rg6 26. Kh2 Ne7 27. f4 Nf5 28.
Qh3 Rgg8 29. Rf3 Ra8 30. Bb1 Rag8 31. Qg4 Nh6 32. Qh3 Nf5 33. Rff1 Ra8 34. Rf3
Rag8 35. Rd1 Ra8 36. Qg4 Rag8 37. Rd2 Nh6 38. Qh3 Nf5 39. Rf1 Ne3 40. Re1 Nf5
41. Qg4 Ke7 42. Qf3 Ra8 43. Red1 Rad8 44. Rd4 Qb6 45. Qh3 Qc5 46. g6 Kf8 47.
Qg4 Kg7 48. Ba2 Qe7 49. -- Rh6 50. Bb1 h3 51. g3 b4 {remainder illegible} 0-1

[Event "Mechanics' Peter Grey TNM; 30/90, SD/30"]
[Site "San Francisco"]
[Date "2010.08.31"]
[Round "5.5"]
[White "Shakhnazarov, Oleg"]
[Black "Gaffagan, Steven"]
[Result "0-1"]
[WhiteElo "2175"]
[BlackElo "2040"]
[PlyCount "88"]
[EventDate "2010.??.??"]

1. d4 Nf6 2. Nf3 g6 3. Bf4 d6 4. Nbd2 Nh5 5. Be3 Bg7 6. h3 Nd7 7. g4 Nhf6 8. c4
c5 9. d5 b5 10. g5 Nh5 11. Bg2 Nb6 12. O-O Bd7 13. b3 Qc8 14. Kh2 Qa6 15. Rc1
bxc4 16. bxc4 Qxa2 17. Rc2 Qa6 18. Qc1 Rb8 19. Nh4 Qc8 20. f4 Na4 21. Bf3 Bxh3
22. Rg1 Bd7 23. Qf1 h6 24. Qf2 hxg5 25. Rxg5 Bh6 26. Ne4 Ng7 27. Kg1 Nb2 28.
Rxg6 Nd1 29. Rxh6 Rxh6 30. Qg3 Rh7 31. Bc1 Bf5 32. e3 Rb1 33. Bxd1 Bxe4 34. Rc3
Kf8 35. Kf2 Qb8 36. Qg4 Rxc1 37. Rb3 Qd8 38. f5 Bc2 39. Bxc2 Rxc2+ 40. Kf3 Rh2
41. Ng2 Qc8 42. Ke2 Ne8 43. Kd3 Rg7 44. Qf4 Rhxg2 0-1

[Event "Mechanics' Peter Grey TNM; 30/90, SD/30"]
[Site "San Francisco"]
[Date "2010.08.17"]
[Round "3.4"]
[White "Shakhnazarov, Oleg"]
[Black "Grey, Peter"]
[Result "1-0"]
[WhiteElo "2175"]
[BlackElo "2017"]
[PlyCount "77"]
[EventDate "2010.??.??"]

1. d4 Nf6 2. Nf3 g6 3. Bf4 d6 4. Nbd2 Bg7 5. c3 O-O 6. h3 c5 7. e3 Be6 8. Bd3
Qb6 9. Qc1 Rc8 10. Ng5 Bd7 11. Nc4 Qd8 12. dxc5 Rxc5 13. e4 b5 14. Ne3 h6 15.
Nf3 b4 16. c4 Nh5 17. Bh2 Nf6 18. O-O Bc6 19. Nd2 Bb7 20. Nb3 Rc8 21. Qd2 a5
22. Nd5 Nbd7 23. f4 Nxd5 24. exd5 Nb6 25. Rac1 Ba6 26. Nxa5 Na4 27. Nc6 Qb6+
28. Kh1 Rxc6 29. dxc6 Nxb2 30. f5 Nxd3 31. Qxd3 g5 32. Qe4 Rc8 33. Qxe7 Qxc6
34. Qxd6 Qxd6 35. Bxd6 Bc3 36. Rf2 Bxc4 37. a3 Bd4 38. Rfc2 bxa3 39. Bxa3 1-0

[Event "Mechanics' Peter Grey TNM; 30/90, SD/30"]
[Site "San Francisco"]
[Date "2010.09.28"]
[Round "9.11"]
[White "Shakhnazarov, Oleg"]
[Black "Sherwood, Peter"]
[Result "1-0"]
[WhiteElo "2175"]
[BlackElo "1801"]
[PlyCount "27"]
[EventDate "2010.??.??"]

1. e4 c6 2. d4 d5 3. e5 Bf5 4. g4 Bg6 5. h4 h6 6. h5 Bh7 7. e6 fxe6 8. Bd3 Bxd3
9. Qxd3 Qd6 10. Qg6+ Kd7 11. Nf3 e5 12. Nxe5+ Kc7 13. Nf7 Qxg6 14. hxg6 1-0

[Event "Mechanics' Peter Grey TNM; 30/90, SD/30"]
[Site "San Francisco"]
[Date "2010.08.24"]
[Round "4.15"]
[White "Sherwood, Peter"]
[Black "Bertot, German"]
[Result "1-0"]
[WhiteElo "1801"]
[BlackElo "1551"]
[PlyCount "87"]
[EventDate "2010.??.??"]

1. e4 e5 2. Nf3 Nc6 3. Bb5 a6 4. Ba4 Nf6 5. O-O d6 6. c3 b5 7. Bb3 Bg4 8. d3
Be7 9. Re1 O-O 10. Nbd2 Qd7 11. Nf1 Na5 12. Bc2 c5 13. Ng3 Nc6 14. h3 Be6 15.
d4 (15. Ng5 d5) 15... cxd4 16. cxd4 exd4 17. Nxd4 Nxd4 18. Qxd4 Qc7 19. Qd3 (
19. Bd3 $14 d5 (19... Rac8 20. Be3 Nd7 21. Nh5 Nf6 (21... Bf6 22. Nxf6+ Nxf6
23. Rac1 Qd7 24. b3 Rc6 25. Rxc6 Qxc6 26. Rc1 Qd7 27. Qb6) 22. Nf4) 20. e5)
19... Rac8 20. Bb1 Qc5 21. Be3 Qb4 22. Qd2 Qxd2 23. Bxd2 Nd7 24. f4 $6 (24. Bc3
$11) 24... Bf6 25. Bc1 (25. e5 dxe5 26. f5 Bc4 27. Ne4) 25... Bd4+ 26. Kh2 Rxc1
27. Rxc1 Bxb2 28. Bd3 Bxa1 29. Rxa1 Rc8 30. a3 Rc3 31. Bf1 Kf8 32. Be2 Nc5 $138
33. Bf3 Nd3 34. Ne2 Rc8 35. Rd1 Bc4 36. Kg3 Ke7 37. Nd4 Nc5 38. Nf5+ Kf8 39.
Rxd6 Be2 40. Rd2 Bxf3 41. Kxf3 g6 42. Ne3 Re8 43. e5 Re6 44. Nd5 $14 {
Black time exp} 1-0

[Event "Mechanics' Peter Grey TNM; 30/90, SD/30"]
[Site "San Francisco"]
[Date "2010.09.21"]
[Round "8.13"]
[White "Sherwood, Peter"]
[Black "Klinetobe, David"]
[Result "1/2-1/2"]
[WhiteElo "1801"]
[BlackElo "2010"]
[PlyCount "69"]
[EventDate "2010.??.??"]

1. e4 e6 2. d4 d5 3. Nc3 Nf6 4. e5 Nfd7 5. f4 c5 6. Nf3 Nc6 7. Be3 a6 8. Be2 b5
9. O-O Qb6 10. dxc5 Bxc5 11. Bxc5 Nxc5 12. Kh1 b4 13. Nb1 Ne4 14. Qe1 O-O 15.
Nbd2 Nxd2 16. Qxd2 a5 17. Bd3 h6 18. Rad1 Ba6 19. Qf2 Qxf2 20. Rxf2 Rfd8 21.
Bxa6 Rxa6 22. Nd4 Nxd4 23. Rxd4 Rc6 24. g3 Rdc8 25. Rdd2 g6 26. Kg2 Kf8 27. Kf1
Rc4 28. Ke1 Re4+ 29. Rfe2 Rec4 30. Kd1 Ke7 31. b3 Rc3 32. Rd3 Kd7 33. Rxc3 Rxc3
34. Kd2 Kc6 35. Re3 {draw offer accepted} 1/2-1/2

[Event "Mechanics' Peter Grey TNM; 30/90, SD/30"]
[Site "San Francisco"]
[Date "2010.08.31"]
[Round "5.11"]
[White "Sherwood, Peter"]
[Black "Krasnov, Steven"]
[Result "0-1"]
[WhiteElo "1801"]
[BlackElo "1967"]
[PlyCount "106"]
[EventDate "2010.??.??"]

1. e4 c5 2. Nf3 e6 3. d4 cxd4 4. Nxd4 a6 5. Bd3 Nf6 6. O-O Qc7 7. Qe2 d6 8. a4
Nc6 9. c3 Be7 10. Nd2 O-O 11. N2f3 b6 12. Nxc6 Qxc6 13. e5 dxe5 14. Nxe5 Qc7
15. Bg5 Bb7 16. Rfe1 h6 17. Bxf6 Bxf6 18. Ng4 Bg5 19. Be4 Rfd8 20. Bxb7 Qxb7
21. Rad1 Rd5 22. Rxd5 Qxd5 23. Rd1 Qc6 24. Qc2 Rc8 25. Ne5 Qc7 26. Qe2 Bf4 27.
Nf3 Qb7 28. g3 Bb8 29. Ne5 Bxe5 30. Qxe5 Rc5 31. Qd6 Rf5 32. f4 Qf3 33. Qd3 Qg4
34. Rf1 b5 35. a5 Rd5 36. Qc2 h5 37. b4 h4 38. Kg2 hxg3 39. h3 Qh4 40. Qe2 Qd8
41. Kxg3 Rd2 42. Qe1 Qd3+ 43. Rf3 Qg6+ 44. Kh4 Rd5 45. f5 Qf6+ 46. Kg3 Qg5+ 47.
Kh2 Rd2+ 48. Rf2 Rd3 49. Rg2 Qxf5 50. Qh4 Qe5+ 51. Kh1 Qxc3 52. Qg4 Rxh3+ 53.
Kg1 Qe1# 0-1

[Event "Mechanics' Peter Grey TNM; 30/90, SD/30"]
[Site "San Francisco"]
[Date "2010.08.10"]
[Round "2.20"]
[White "Sherwood, Peter"]
[Black "Morgan, Jerry"]
[Result "1/2-1/2"]
[WhiteElo "1801"]
[BlackElo "1475"]
[PlyCount "112"]
[EventDate "2010.??.??"]

1. e4 c6 2. d4 d5 3. Nc3 dxe4 4. Nxe4 Bf5 5. Ng3 Bg6 6. h4 h6 7. Nf3 Nd7 8. Bd3
Bxd3 9. Qxd3 Ngf6 10. Bd2 Qc7 11. O-O-O O-O-O 12. Qc4 e6 13. Rhe1 Nb6 14. Qb3
Rd5 15. c4 Rd7 16. Ba5 Qf4+ 17. Kb1 Na8 18. Bd2 Qc7 19. Be3 Qb6 20. Qa4 Bb4 21.
Re2 Qa5 22. Qb3 Rhd8 23. Ne5 Re7 24. a3 Bd6 25. Nf3 Bxg3 26. fxg3 Qb6 27. Qc2
Qa6 28. Bf4 Nb6 29. Ne5 Nbd7 30. Nd3 Nb6 31. Ne5 Nbd7 32. Red2 Nh5 33. Qc3 Nhf6
34. Qb4 Ng8 35. Ka2 Qb6 36. Qc3 Nxe5 37. Bxe5 f6 38. Bf4 Red7 39. Be3 Qc7 40.
b4 Qxg3 41. b5 Ne7 42. bxc6 Nxc6 43. d5 Qe5 44. Qb3 Na5 45. Qd3 exd5 46. cxd5
Rxd5 47. Qc2+ Nc6 48. Bf4 Qe6 49. Rxd5 Rxd5 50. Rxd5 Qxd5+ 51. Kb1 Qb5+ 52. Ka2
Qd5+ 53. Kb1 Qb5+ 54. Ka2 Qd5+ 55. Kb1 Qb5+ 56. Ka2 Qd5+ 1/2-1/2

[Event "Mechanics' Peter Grey TNM; 30/90, SD/30"]
[Site "San Francisco"]
[Date "2010.08.10"]
[Round "2.7"]
[White "Shnaiderman, Lazar"]
[Black "Traub, Igor"]
[Result "1/2-1/2"]
[WhiteElo "1863"]
[BlackElo "2124"]
[PlyCount "99"]
[EventDate "2010.??.??"]

1. d4 Nf6 2. c4 d6 3. Nc3 g6 4. e4 Bg7 5. Be2 O-O 6. Bg5 h6 7. Be3 Nbd7 8. g4
c5 9. d5 Ne5 10. f3 a6 11. Qd2 Kh7 12. h4 Ng8 13. h5 g5 14. Nh3 b5 15. cxb5
axb5 16. O-O b4 17. Nd1 Ba6 18. Bxa6 Rxa6 19. Qe2 Qc8 20. Ndf2 Nf6 21. Nd3 Nxd3
22. Qxd3 c4 23. Qc2 Nxg4 24. fxg4 Qxg4+ 25. Qg2 Qxg2+ 26. Kxg2 Bxb2 27. Rab1
Rxa2 28. Rf2 c3 29. Bc1 f5 30. Bxb2 Rxb2 31. Rfxb2 cxb2 32. Rxb2 Rb8 33. exf5
Kg7 34. Nf2 Rb5 35. Re2 b3 36. Rxe7+ Kf8 37. Re1 Rxd5 38. Ng4 Rxf5 39. Nxh6 Rf4
40. Kg3 b2 41. Rb1 Rb4 42. Nf5 d5 43. Ne3 Rb3 44. Kf2 d4 45. Nd1 Kg7 46. Rxb2
Rxb2+ 47. Nxb2 Kh6 48. Nd3 Kxh5 49. Kg3 Kg6 50. Kg4 1/2-1/2

[Event "Mechanics' Peter Grey TNM; 30/90, SD/30"]
[Site "San Francisco"]
[Date "2010.09.07"]
[Round "6.23"]
[White "Sinick, Jeff"]
[Black "Bertot, German"]
[Result "1-0"]
[WhiteElo "1249"]
[BlackElo "1551"]
[PlyCount "55"]
[EventDate "2010.??.??"]

1. e4 e5 2. Nf3 Nc6 3. Nc3 Nf6 4. Bb5 d6 5. d4 Bd7 6. d5 Ne7 7. Bxd7+ Qxd7 8.
Bg5 Neg8 9. h3 h6 10. Be3 Ne7 11. Qd3 c6 12. dxc6 Nxc6 13. a3 Be7 14. g4 g5 15.
O-O-O a6 16. Ne1 Rc8 17. f3 Na5 18. Ng2 Qc6 19. h4 gxh4 20. Nxh4 Nc4 21. Bd2
Qb6 22. b3 Nxa3 23. Nf5 Qc6 24. g5 Nxe4 25. fxe4 Bxg5 26. Bxg5 Qxc3 27. Nxd6+
Kf8 28. Nxc8 1-0

[Event "Mechanics' Peter Grey TNM; 30/90, SD/30"]
[Site "San Francisco"]
[Date "2010.08.10"]
[Round "2.11"]
[White "Sinick, Jeff"]
[Black "Gaffagan, Steven"]
[Result "0-1"]
[WhiteElo "1249"]
[BlackElo "2040"]
[PlyCount "72"]
[EventDate "2010.??.??"]

1. e4 c5 2. Nf3 e6 3. d4 cxd4 4. Nxd4 a6 5. Nc3 Qc7 6. Bd2 Nf6 7. Bd3 Bc5 8.
Nb3 Be7 9. Qf3 b6 10. Bf4 d6 11. Qg3 Nh5 12. Qf3 Nxf4 13. Qxf4 Nd7 14. O-O Bb7
15. Rfe1 O-O 16. Re3 Ne5 17. Rg3 Rac8 18. Qh6 Ng6 19. Qh5 Bf6 20. Rh3 h6 21.
Rg3 Bxc3 22. bxc3 e5 23. c4 b5 24. cxb5 axb5 25. Nd2 Qc3 26. Rd1 Nf4 27. Qxh6
Ne2+ 28. Bxe2 Qxg3 29. Qxd6 Qf4 30. Bd3 Rfd8 31. Qb4 Bc6 32. Nb3 Bxe4 33. Qxb5
Bxd3 34. cxd3 Rc2 35. Qb6 Rd4 36. Nxd4 Qxf2+ 0-1

[Event "Mechanics' Peter Grey TNM; 30/90, SD/30"]
[Site "San Francisco"]
[Date "2010.08.24"]
[Round "4.22"]
[White "Sinick, Jeff"]
[Black "Standen, Julian"]
[Result "0-1"]
[WhiteElo "1249"]
[BlackElo "1690"]
[PlyCount "138"]
[EventDate "2010.??.??"]

1. e4 c6 2. d4 d5 3. Nc3 dxe4 4. Nxe4 Nd7 5. Nf3 Ngf6 6. Bd3 Nxe4 7. Bxe4 Nf6
8. Qe2 Bg4 9. Bd2 Nxe4 10. Qxe4 Bxf3 11. gxf3 e6 12. Rg1 g6 13. Qe5 Rg8 14. Bg5
Qd6 15. O-O-O Qxe5 16. dxe5 Be7 17. f4 h5 18. h4 Bxg5 19. fxg5 Rd8 20. c4 Ke7
21. c5 Rd5 22. Rxd5 exd5 23. Kd2 Ke6 24. f4 Kf5 25. Ke3 Rd8 26. Kd4 Rd7 27. Ke3
d4+ 28. Kf3 d3 29. Rd1 d2 30. a3 Rd3+ 31. Ke2 Rd4 32. Ke3 Re4+ 33. Kxd2 Rd4+
34. Ke2 Rxd1 35. Kxd1 Kxf4 36. Ke2 Kxe5 37. Ke3 f6 38. gxf6 Kxf6 39. Kf4 b5 40.
cxb6 axb6 41. a4 c5 42. b3 Ke6 43. Kg5 Kf7 44. Kf4 Kf6 45. Ke4 g5 46. hxg5+
Kxg5 47. Kd5 h4 48. Kc6 h3 49. Kxb6 h2 50. Kxc5 h1=Q 51. b4 Qg1+ 52. Kb5 Qf1+
53. Kb6 Qf2+ 54. Ka6 Qf6+ 55. Ka5 Qc3 56. Kb5 Qe5+ 57. Ka6 Qd6+ 58. Ka5 Qc7+
59. Ka6 Qc4+ 60. Ka5 Qc7+ 61. Ka6 Qc6+ 62. Ka5 Qa8+ 63. Kb5 Qb7+ 64. Kc5 Qa6
65. a5 Kf6 66. Kd4 Qb5 67. Kc3 Ke5 68. Kb3 Kd4 69. Ka3 Kc4 0-1

[Event "Mechanics' Peter Grey TNM; 30/90, SD/30"]
[Site "San Francisco"]
[Date "2010.08.24"]
[Round "4.26"]
[White "Somerville, Kenneth"]
[Black "Allen, Tom"]
[Result "1-0"]
[WhiteElo "1698"]
[BlackElo "1542"]
[PlyCount "85"]
[EventDate "2010.??.??"]

1. e4 e5 2. Nf3 Nc6 3. d4 exd4 4. c3 dxc3 5. Bc4 Nf6 6. O-O d6 7. Nxc3 Be7 8.
Re1 O-O 9. Nd5 Nxd5 10. exd5 Na5 11. Bd3 Bg4 12. Rxe7 Qxe7 13. Bxh7+ Kh8 14.
Bc2 Rfe8 15. Qd3 g6 16. Bg5 f6 17. Qd4 Rf8 18. Nh4 Kg8 19. Nxg6 Qg7 20. Nxf8
Rxf8 21. Qxg4 fxg5 22. Bf5 Qf6 23. Be6+ Kg7 24. Rf1 Qf4 25. b4 Nc4 26. Qxf4
Rxf4 27. Rc1 Rd4 28. g3 b5 29. Kg2 Kf6 30. Rc3 c6 31. Rf3+ Kg6 32. dxc6 Nb6 33.
c7 Rc4 34. Bxc4 bxc4 35. a4 Kg7 36. a5 Nc8 37. b5 d5 38. b6 axb6 39. Kf1 b5 40.
Rf5 c3 41. Ke2 b4 42. Kd3 d4 43. Rb5 1-0

[Event "Mechanics' Peter Grey TNM; 30/90, SD/30"]
[Site "?"]
[Date "2010.08.10"]
[Round "2.29"]
[White "Somerville, Kenneth"]
[Black "Chamberlain, Ethan"]
[Result "0-1"]
[WhiteElo "1698"]
[BlackElo "1703"]
[Annotator ",Anonymous"]
[PlyCount "42"]
[EventDate "2010.09.28"]

1. e4 c5 2. Nf3 g6 3. c3 d5 4. Bd3 dxe4 5. Bxe4 Nf6 6. Qe2 Nxe4 7. Qxe4 Nc6 8.
d4 Bf5 9. Qf4 cxd4 10. O-O Bg7 11. Bd2 e5 12. Re1 O-O 13. Qg3 Re8 14. Bg5 Qd5
15. Nbd2 f6 16. c4 Qd7 17. Bh4 e4 18. Ng5 fxg5 19. Bxg5 Be5 20. Qb3 Bc7 21.
Rad1 Bg4 {remainder illegible. B won in 46} 0-1

[Event "Mechanics' Peter Grey TNM; 30/90, SD/30"]
[Site "San Francisco"]
[Date "2010.09.07"]
[Round "6.15"]
[White "Somerville, Kenneth"]
[Black "Manvelyan, Hovik"]
[Result "0-1"]
[WhiteElo "1698"]
[BlackElo "1997"]
[PlyCount "76"]
[EventDate "2010.??.??"]

1. e4 c5 2. Nf3 Nf6 3. Bd3 Nc6 4. c3 d6 5. Bc2 g6 6. d3 Bg7 7. Bg5 Qb6 8. Qc1
h6 9. Be3 Ng4 10. Bd2 Bd7 11. h3 Nge5 12. Nxe5 Nxe5 13. f4 Nc6 14. Be3 Qc7 15.
Nd2 e5 16. Nf3 f5 17. Qd2 exf4 18. Bxf4 O-O-O 19. O-O-O g5 20. Be3 f4 21. Bf2
Be6 22. d4 Bxa2 23. b3 c4 24. b4 a5 25. d5 Ne5 26. Nd4 axb4 27. cxb4 c3 28. Qe2
Qb8 29. Ba4 Bc4 30. Qc2 Qa8 31. Ne6 b5 32. Nxg7 bxa4 33. Qxc3 Kd7 34. Kb2 a3+
35. Ka1 Rc8 36. Qd4 Qa4 37. Nf5 Qb3 38. Rb1 Qa2# 0-1

[Event "Mechanics' Peter Grey TNM; 30/90, SD/30"]
[Site "San Francisco"]
[Date "2010.09.28"]
[Round "9.15"]
[White "Standen, Julian"]
[Black "Abraham, Renjish"]
[Result "1/2-1/2"]
[WhiteElo "1690"]
[BlackElo "1821"]
[PlyCount "82"]
[EventDate "2010.??.??"]

1. d4 Nf6 2. Nf3 g6 3. Bg5 Bg7 4. Nbd2 d5 5. e3 a6 6. Bd3 b5 7. O-O Bb7 8. Re1
Nbd7 9. e4 dxe4 10. Nxe4 O-O 11. c3 Re8 12. Qc2 Rb8 13. Rad1 Qc8 14. Nxf6+ Nxf6
15. Ne5 Ng4 16. Bf4 Nxe5 17. Bxe5 e6 18. h4 Bxe5 19. Rxe5 Qd8 20. g3 Kg7 21.
Be4 Bxe4 22. Qxe4 h5 23. Re1 Rb6 24. f4 Qf6 25. Rc5 Rc8 26. Qe5 Qxe5 27. fxe5
Kf8 28. Kf2 Ke7 29. Ke3 Kd7 30. Rf1 Rf8 31. b4 c6 32. a3 a5 33. Kd3 Ra6 34. Rf3
axb4 35. axb4 Ke7 36. Ke4 Rd8 37. Kf4 Rd7 38. Kg5 Rc7 39. Kf4 Ra3 40. Ke4 Ra1
41. Kf4 Re1 1/2-1/2

[Event "Mechanics' Peter Grey TNM; 30/90, SD/30"]
[Site "San Francisco"]
[Date "2010.08.31"]
[Round "5.18"]
[White "Standen, Julian"]
[Black "Ochoa, Jason"]
[Result "0-1"]
[WhiteElo "1690"]
[BlackElo "1900"]
[PlyCount "71"]
[EventDate "2010.??.??"]

1. d4 Nc6 2. Nf3 d5 3. Bf4 Bg4 4. e3 Nf6 5. Be2 e6 6. Nbd2 Be7 7. h3 Bh5 8. O-O
O-O 9. c4 Re8 10. Rc1 Ne4 11. cxd5 exd5 12. Ne5 Bxe2 13. Qxe2 Nxe5 14. Bxe5 c6
15. Nxe4 dxe4 16. Qg4 f6 17. Bg3 Bf8 18. Rc4 Qd5 19. Rfc1 Rad8 20. a3 Rd7 21.
Qe2 Qe6 22. b4 a6 23. a4 Rd5 24. Qb2 Rg5 25. Kh2 Rd8 26. b5 axb5 27. axb5 Rxb5
28. Qa2 Re8 29. Qa4 g5 30. Rd1 h5 31. d5 Rxd5 32. Rxd5 cxd5 33. Rc7 h4 34. Bxh4
gxh4 35. Rxb7 Bd6+ 36. Kg1 0-1

[Event "Mechanics' Peter Grey TNM; 30/90, SD/30"]
[Site "San Francisco"]
[Date "2010.09.14"]
[Round "7.14"]
[White "Standen, Julian"]
[Black "Sanguinetti, George"]
[Result "1/2-1/2"]
[WhiteElo "1690"]
[BlackElo "1940"]
[PlyCount "118"]
[EventDate "2010.??.??"]

1. d4 g6 2. Nf3 f5 3. Bf4 Nh6 4. e3 Nf7 5. Bc4 d5 6. Be2 Bg7 7. c4 e6 8. Nc3
O-O 9. Qb3 c6 10. O-O Nd7 11. Rad1 Kh8 12. Kh1 g5 13. Bg3 g4 14. Nd2 h5 15. f4
Bf6 16. Bf2 Kg7 17. g3 Rh8 18. Kg2 Nf8 19. Rh1 h4 20. h3 hxg3 21. Bxg3 gxh3+
22. Rxh3 Rxh3 23. Kxh3 Ng6 24. Nf3 Nd6 25. Rg1 Bd7 26. Ne5 Bxe5 27. dxe5 Nxc4
28. Bxc4 dxc4 29. Qxc4 c5 30. Kg2 Qe7 31. Kf2 a6 32. Qd3 Rc8 33. Rd1 Nf8 34. e4
Qf7 35. exf5 Qxf5 36. Qxf5 exf5 37. Bh4 Be6 38. a3 Kf7 39. Ke3 Nd7 40. Rd6 Rh8
41. Bg3 Rh3 42. Kf2 Rh1 43. Rd1 Rxd1 44. Nxd1 Nb6 45. Ke3 Ke8 46. Kd2 Kd7 47.
Bf2 Kc6 48. Nc3 Nd7 49. Kc2 b5 50. b4 c4 51. Nd1 Nf8 52. Nc3 Bf7 53. Kd2 Bh5
54. Ke3 Ne6 55. Bh4 Be8 56. Be7 Kd7 57. Bh4 Nc7 58. Bf2 Bf7 59. Bh4 Bd5 1/2-1/2

[Event "Mechanics' Peter Grey TNM; 30/90, SD/30"]
[Site "San Francisco"]
[Date "2010.08.17"]
[Round "3.11"]
[White "Thornally, Frank"]
[Black "Cendejas, Juan"]
[Result "1-0"]
[WhiteElo "2200"]
[BlackElo "1763"]
[PlyCount "63"]
[EventDate "2010.??.??"]

1. d4 Nf6 2. c4 e5 3. dxe5 Ng4 4. Nf3 Nc6 5. Bf4 Bb4+ 6. Nbd2 Qe7 7. e3 Ngxe5
8. Nxe5 Nxe5 9. a3 Bd6 10. Be2 O-O 11. O-O Ng6 12. Bxd6 Qxd6 13. Qc2 Qe7 14. c5
b6 15. cxb6 cxb6 16. Bf3 Rb8 17. Rfd1 Bb7 18. Bxb7 Rxb7 19. Ne4 d5 20. Rxd5 Rc7
21. Qa4 Rfc8 22. Nc3 h6 23. Rad1 Ne5 24. R5d4 Rc4 25. Qa6 R4c5 26. Nd5 Qe6 27.
h3 Kh7 28. Nc3 Qg6 29. Kh1 Nf3 30. gxf3 Rh5 31. Qxc8 f5 32. h4 1-0

[Event "Mechanics' Peter Grey TNM; 30/90, SD/30"]
[Site "San Francisco"]
[Date "2010.09.14"]
[Round "7.12"]
[White "Thornally, Frank"]
[Black "Delaney, Will"]
[Result "1-0"]
[WhiteElo "2200"]
[BlackElo "1838"]
[PlyCount "75"]
[EventDate "2010.??.??"]

1. e4 c5 2. Nf3 Nc6 3. d4 cxd4 4. Nxd4 Nf6 5. Nc3 e6 6. Ndb5 d6 7. Bf4 e5 8.
Bg5 a6 9. Na3 Be6 10. Nc4 h6 11. Bxf6 gxf6 12. Ne3 Nd4 13. Ncd5 f5 14. c3 f4
15. Nxf4 Nc2+ 16. Nxc2 exf4 17. Qd4 Rg8 18. g3 Bg4 19. Bc4 Bg7 20. Qd3 Be5 21.
Bd5 Qb6 22. Qc4 Ke7 23. Qb4 Qc7 24. Nd4 Rab8 25. h3 Bxd4 26. Qxd4 Bf3 27. Rg1
Qd7 28. Qd3 Bh5 29. g4 Bg6 30. O-O-O b5 31. Qf3 b4 32. c4 Qa4 33. Kb1 b3 34. a3
Rgc8 35. Qxf4 Rxc4 36. Bxc4 Qxc4 37. Qxd6+ Ke8 38. Qxb8+ 1-0

[Event "Mechanics' Peter Grey TNM; 30/90, SD/30"]
[Site "San Francisco"]
[Date "2010.08.31"]
[Round "5.3"]
[White "Thornally, Frank"]
[Black "Rumph, Todd"]
[Result "0-1"]
[WhiteElo "2200"]
[BlackElo "2013"]
[PlyCount "48"]
[EventDate "2010.??.??"]

1. d4 d5 2. c4 dxc4 3. e3 Nf6 4. Bxc4 e6 5. Nf3 c5 6. O-O a6 7. Bb3 b5 8. a4
Bb7 9. Qe2 Nbd7 10. Nbd2 Qb6 11. Bc2 Rb8 12. b3 cxd4 13. exd4 Be7 14. Bb2 Nd5
15. axb5 axb5 16. Ne4 N7f6 17. Ne5 Nxe4 18. Bxe4 Nf6 19. Bd3 O-O 20. Rad1 Bd5
21. Bc2 Rfc8 22. Rc1 Rc7 23. Rfd1 Rbc8 24. Qe3 $4 Rxc2 0-1

[Event "Mechanics' Peter Grey TNM; 30/90, SD/30"]
[Site "San Francisco"]
[Date "2010.09.21"]
[Round "8.8"]
[White "Thornally, Frank"]
[Black "Wang, Yuan"]
[Result "1-0"]
[WhiteElo "2200"]
[BlackElo "1909"]
[PlyCount "141"]
[EventDate "2010.??.??"]

1. e4 c5 2. Nf3 d6 3. d4 cxd4 4. Nxd4 Nf6 5. Nc3 g6 6. g3 Bg7 7. Bg2 O-O 8. O-O
Nc6 9. Nde2 Bg4 10. h3 Be6 11. Nd5 Qd7 12. Kh2 Rac8 13. Bg5 Ne8 14. c3 h6 15.
Be3 b6 16. Qd2 Kh7 17. Rad1 Nc7 18. Nef4 Ne5 19. b3 Na6 20. Bd4 Nc5 21. Qe2 Qb7
22. c4 Rce8 23. Nxe6 fxe6 24. Nc3 Nc6 25. Bxg7 Kxg7 26. f4 e5 27. f5 Nd7 28.
Qg4 g5 29. Qh5 Nf6 30. Qg6+ Kh8 31. Qxh6+ Nh7 32. Nd5 Nd4 33. f6 e6 34. f7 Rxf7
35. Nf6 Rxf6 36. Rxf6 Qg7 37. Qxg7+ Kxg7 38. Rf2 Rf8 39. Rxf8 Nxf8 40. b4 Nd7
41. Rd3 Nb8 42. Bf3 Nbc6 43. a3 a5 44. b5 Nd8 45. Bh5 Nb7 46. Bd1 Nc5 47. Re3
Kf6 48. Kg2 Ke7 49. Kf2 Nd7 50. Re1 Nf6 51. Ke3 d5 52. cxd5 exd5 53. exd5 Nxd5+
54. Ke4 Kd6 55. a4 Nf6+ 56. Kd3 Kd5 57. h4 e4+ 58. Kc3 g4 59. Rh1 Nh5 60. Bxg4
Nxg3 61. h5 Nxh1 62. h6 Nf2 63. Bh5 e3 64. h7 Ne4+ 65. Kd3 e2 66. Bxe2 Nxe2 67.
Kxe2 Nc3+ 68. Kd3 Nxa4 69. h8=Q Kc5 70. Qd4+ Kxb5 71. Qc4# 1-0

[Event "Mechanics' Peter Grey TNM; 30/90, SD/30"]
[Site "San Francisco"]
[Date "2010.09.28"]
[Round "9.8"]
[White "Todortsev, Victor"]
[Black "Gray, William"]
[Result "0-1"]
[WhiteElo "1924"]
[BlackElo "2026"]
[PlyCount "72"]
[EventDate "2010.??.??"]

1. Nf3 d5 2. g3 Nc6 3. Bg2 e5 4. d3 Nf6 5. O-O Bg4 6. h3 Be6 7. b3 h6 8. Bb2
Bd6 9. c4 O-O 10. cxd5 Nxd5 11. Nbd2 Nb6 12. Ne4 Qd7 13. Nxd6 cxd6 14. Kh2 a5
15. e4 f6 16. d4 Bf7 17. dxe5 dxe5 18. Qe2 Rfd8 19. Rfd1 Qc7 20. Rac1 a4 21.
Qc2 Qe7 22. Bf1 axb3 23. axb3 Qb4 24. Rxd8+ Rxd8 25. Bc4 Bxc4 26. bxc4 Na4 27.
Rb1 Nxb2 28. Rxb2 Qe7 29. c5 Kh7 30. Kg2 Rd7 31. h4 Nd4 32. Qc4 Qe6 33. Qc3 Qc6
34. Nd2 Ne6 35. h5 Ng5 36. Qe3 Qe6 {remainder illegible} 0-1

[Event "Mechanics' Peter Grey TNM; 30/90, SD/30"]
[Site "San Francisco"]
[Date "2010.08.10"]
[Round "2.17"]
[White "Todortsev, Victor"]
[Black "Rakonitz, David"]
[Result "1-0"]
[WhiteElo "1924"]
[BlackElo "1377"]
[PlyCount "90"]
[EventDate "2010.??.??"]

1. e4 e6 2. d4 d5 3. Nc3 dxe4 4. Nxe4 Nd7 5. Bd3 Ngf6 6. Nf3 Nxe4 7. Bxe4 Nf6
8. Bg5 Be7 9. Bd3 c5 10. dxc5 Qa5+ 11. c3 Qxc5 12. O-O b6 13. Qe2 Bb7 14. Bb5+
Bc6 15. Bxc6+ Qxc6 16. Ne5 Qc5 17. Rad1 O-O 18. Bxf6 Bxf6 19. Nd7 Qc7 20. Nxf8
Rxf8 21. Rd3 Be5 22. g3 Bf6 23. Rfd1 Rd8 24. Rxd8+ Bxd8 25. Qb5 Kf8 26. Qd7
Qxd7 27. Rxd7 Bf6 28. Rxa7 Bd8 29. a4 g6 30. b4 Bf6 31. a5 bxa5 32. bxa5 Bxc3
33. a6 Kg7 34. Rc7 Bd4 35. a7 Bxa7 36. Rxa7 Kf6 37. f4 h6 38. g4 g5 39. fxg5+
hxg5 40. Kf2 Kg6 41. Ke3 f5 42. h3 Kf6 43. Rh7 Kg6 44. Rh5 f4+ 45. Ke4 e5 1-0

[Event "Mechanics' Peter Grey TNM; 30/90, SD/30"]
[Site "San Francisco"]
[Date "2010.08.31"]
[Round "5.15"]
[White "Todortsev, Victor"]
[Black "Salvo, Tab"]
[Result "1-0"]
[WhiteElo "1924"]
[BlackElo "1738"]
[PlyCount "89"]
[EventDate "2010.??.??"]

1. e4 c5 2. Nf3 d6 3. d4 cxd4 4. Nxd4 Nf6 5. Nc3 a6 6. Bc4 e6 7. Bb3 Be7 8. O-O
b5 9. Bg5 Qc7 10. Qe2 Nc6 11. Rad1 Na5 12. f4 O-O 13. e5 dxe5 14. fxe5 Ne8 15.
Bxe7 Qxe7 16. Ne4 Bb7 17. Rf4 Nxb3 18. axb3 Rd8 19. c3 f5 20. Rdf1 Nc7 21. Ng3
Ba8 22. Qh5 g6 23. Qh6 Qg7 24. Rh4 Qxh6 25. Rxh6 Kg7 26. Rh3 Rfe8 27. Nge2 Nd5
28. c4 Nc7 29. Rc3 Rc8 30. Nf4 Kf7 31. Rh3 Kg7 32. Rg3 Kf7 33. h4 Rcd8 34. Nf3
Bxf3 35. Rfxf3 Rd1+ 36. Kh2 Red8 37. h5 Rg8 38. Rd3 Rxd3 39. Rxd3 Ke7 40. hxg6
hxg6 41. g4 Ne8 42. c5 g5 43. Nh3 Rg6 44. c6 Kf8 45. Rd7 1-0